Some uncommon psychiatric syndromes. (Record no. 1277)

MARC details
000 -LEADER
fixed length control field 00476nam a2200169 a 4500
005 - DATE AND TIME OF LATEST TRANSACTION
control field 20260322212054.0
008 - FIXED-LENGTH DATA ELEMENTS--GENERAL INFORMATION
fixed length control field data
096 ## - LOCALLY ASSIGNED NLM-TYPE CALL NUMBER (OCLC)
Classification number WM 100 E615 1967
001 - CONTROL NUMBER
control field data
100 1# - MAIN ENTRY--PERSONAL NAME
Personal name Enoch, Morgan David
245 10 - TITLE STATEMENT
Title Some uncommon psychiatric syndromes.
Statement of responsibility, etc. Morgan David Enoch, W.H. Trethowan, J.C. Barker
260 ## - PUBLICATION, DISTRIBUTION, ETC.
Name of publisher, distributor, etc. Bristol, Wright
Date of publication, distribution, etc. c1967
300 ## - PHYSICAL DESCRIPTION
Extent 102 p.
650 02 - SUBJECT ADDED ENTRY--TOPICAL TERM
Topical term or geographic name entry element Mental Disorders
700 1# - ADDED ENTRY--PERSONAL NAME
Personal name Barker, J.C.
Fuller form of name (John Charles)
700 1# - ADDED ENTRY--PERSONAL NAME
Personal name Trethowan, W.H.
Fuller form of name (William Henry)
Holdings
Withdrawn status Lost status Damaged status Not for loan Home library Current library Shelving location Date acquired Total checkouts Full call number Barcode Date last seen Price effective from Koha item type
        Franklin Franklin General stacks 22/03/2026   GEN BC0011320 22/03/2026 22/03/2026 Books